米国時価総額TOP30 - Statistics

General Stats
  • This quiz has been taken 14 times
  • The average score is 11 of 30
Answer Stats
企業 % Correct
5 Alphabet A
92%
6 Alphabet C
92%
2 Apple
92%
4 Amazon
85%
8 Tesla
85%
9 Meta
77%
3 Microsoft
69%
10 Walmart
69%
18 Mastercard
54%
20 Netflix
54%
30 Coca Cola
46%
1 NVIDIA
46%
16 Visa
38%
26 Bank of America
31%
17 Costco
23%
15 Johnson&Johnson
23%
29 P&G
23%
25 AMD
15%
24 Barkshire A
15%
14 Barkshire B
15%
7 Broadcom
15%
13 ExxonMobil
15%
12 JPMorgan
15%
19 Oracle
15%
22 Chevron
8%
11 Eli Lilly
8%
21 Micron
8%
27 Palantir A
8%
23 Abbvie
0%
28 Caterpillar
0%
No matching quizzes found
Score Distribution
Percent of People with Each Score
Percentile by Number Answered
Your Score History
You have not taken this quiz